Statistics for US Governors who became Presidents

Click here to take the quiz!

General Stats

  • This quiz has been taken 366 times
    (338 since last reset)
  • The average score is 12 of 17

Answer Stats

Governor 1st YearPresident Name?% Correct
Virginia 1779Thomas Jefferson 1801 / 1809
91%
Texas 1995George W. Bush 2001 / 2009
88%
Arkansas 1979Bill Clinton 1993 / 2001
85%
California 1967Ronald Reagan 1981 / 89
84%
Virginia 1799James Monroe 1817 / 25
82%
Georgia 1971Jimmy Carter 1977 / 81
82%
New York 1929Franklin Roosevelt 1933 / 45
78%
Massachusetts 1919Calvin Coolidge 1923 / 29
71%
New Jersey 1911Woodrow Wilson 1913 / 21
71%
New York 1899Theodore Roosevelt 1901 / 09
70%
New York 1829Martin Van Buren 1837 / 41
66%
Tennessee 1853Andrew Johnson 1865 / 69
63%
New York 1883Grover Cleveland 1885 / 89 & 93 / 97
62%
Virginia 1825John Tyler 1841 / 45
62%
Ohio 1868Rutherford Hayes 1877 / 81
61%
Ohio 1892William McKinley 1897 / 1901
60%
Tennessee 1839James Polk 1845 / 49
58%

Score Distribution

Percentile by Number Answered

Percent of People with Each Score

Your Score History

You have not taken this quiz since the last reset